Brazilian Footballers Overseas -- Which Countries? - Statistics

General Stats
  • This quiz has been taken 142 times
  • The average score is 13 of 20
Answer Stats
Rank Number Answer % Correct
7 91 Spain
96%
18 36 England
95%
20 33 France
95%
1 656 Portugal
93%
2 245 Germany
92%
3 142 Italy
91%
5 106 United States of America
88%
12 47 China
77%
4 112 Japan
73%
15 41 Turkey
71%
13 46 Greece
70%
10 60 Austria
68%
6 100 Switzerland
68%
18 36 Poland
66%
14 42 Saudi Arabia
61%
11 55 United Arab Emirates
50%
15 41 Finland
22%
9 68 Thailand
19%
17 38 Cyprus
16%
8 89 Malta
10%
No matching quizzes found
Score Distribution
Percent of People with Each Score
Percentile by Number Answered
Your Score History
You have not taken this quiz